| Tag |
First Indicator |
Second Indicator |
Subfields |
| LEADER |
00000cam a22000001 4500 |
| 001 |
in00000029565 |
| 005 |
20210604101401.0 |
| 008 |
720203s1965 alua b 001 0 eng |
| 010 |
|
|
|a 65024879
|
| 019 |
|
|
|a 977923880
|a 988522446
|a 1167037746
|a 1176133521
|
| 029 |
1 |
|
|a AU@
|b 000022016497
|
| 029 |
1 |
|
|a AU@
|b 000028011925
|
| 029 |
1 |
|
|a GBVCP
|b 492688478
|
| 035 |
|
|
|a (OCoLC)ocm00233354
|
| 035 |
|
|
|a (OCoLC)00233354
|
| 035 |
|
|
|a (OCoLC)233354
|z (OCoLC)977923880
|z (OCoLC)988522446
|z (OCoLC)1167037746
|z (OCoLC)1176133521
|
| 035 |
|
|
|9 AAD2440AM
|
| 040 |
|
|
|a DLC
|b eng
|c DLC
|d YNG
|d SER
|d FDS
|d STF
|d MTG
|d OCLCF
|d OCLCQ
|d OCL
|d OCLCO
|d RCT
|d OCLCQ
|
| 042 |
|
|
|a premarc
|
| 049 |
|
|
|a TXAM
|c [462766]
|
| 050 |
0 |
0 |
|a PR149.L6
|b H6 1965
|
| 082 |
0 |
|
|a 820.93
|
| 100 |
1 |
|
|a Holbrook, David,
|d 1923-2011.
|
| 245 |
1 |
4 |
|a The quest for love.
|
| 260 |
|
|
|a University,
|b University of Alabama Press
|c [1965]
|
| 300 |
|
|
|a 376 pages
|b illustrations
|c 21 cm
|
| 336 |
|
|
|a text
|b txt
|2 rdacontent
|
| 337 |
|
|
|a unmediated
|b n
|2 rdamedia
|
| 338 |
|
|
|a volume
|b nc
|2 rdacarrier
|
| 505 |
0 |
|
|a The quest for love and our sense of reality: recent psychoanalytical theories of the origins of consciousness -- Chaucer's debate on marriage -- Love and continuity in The Winter's tale -- The fiery hill: Lady Chatterley's lover -- We never come through: Look! We have come through!
|
| 504 |
|
|
|a Includes bibliographical references and indexes.
|
| 520 |
|
|
|a The author turns to the exploration of the relationship between the growth of a sense of reality and the capacity to love. He believes firmly in the civilizing influence of creative art on society, and attempts to show how Chaucer and Shakespeare transcended human imperfection and created a vision of continuity and hope by their understanding of human love.
|
| 650 |
|
0 |
|a English literature
|x History and criticism.
|
| 650 |
|
0 |
|a Love in literature.
|
| 650 |
|
7 |
|a English literature.
|2 fast
|0 (OCoLC)fst00911989
|
| 650 |
|
7 |
|a Love in literature.
|2 fast
|0 (OCoLC)fst01002808
|
| 655 |
|
7 |
|a Criticism, interpretation, etc.
|2 fast
|0 (OCoLC)fst01411635
|
| 994 |
|
|
|a C0
|b TXA
|
| 999 |
f |
f |
|s 3a4ee97f-fcce-3e0d-a27f-3181b4809491
|i db097651-1937-37ff-9cf1-4740b0496166
|t 0
|
| 952 |
f |
f |
|p normal
|a Texas A&M University
|b College Station
|c Sterling C. Evans Library
|d Evans: Library Stacks
|t 0
|e PR149.L6 H6 1965
|h Library of Congress classification
|i unmediated -- volume
|m A14801271928
|
| 998 |
f |
f |
|a PR149.L6 H6 1965
|t 0
|l Evans: Library Stacks
|